Environmental impact of Textiles: (Record no. 342322)

000 -LEADER
fixed length control field nam a22 7a 4500
003 - CONTROL NUMBER IDENTIFIER
control field NUST
005 - DATE AND TIME OF LATEST TRANSACTION
control field 20171218121219.0
008 - FIXED-LENGTH DATA ELEMENTS--GENERAL INFORMATION
fixed length control field 171218b xxu||||| |||| 00| 0 eng d
020 ## - INTERNATIONAL STANDARD BOOK NUMBER
International Standard Book Number 1855735415
040 ## - CATALOGING SOURCE
Transcribing agency 0
082 ## - DEWEY DECIMAL CLASSIFICATION NUMBER
Classification number 677 SLA
100 ## - MAIN ENTRY--PERSONAL NAME
Personal name Slater,Keith
9 (RLIN) 7432
245 ## - TITLE STATEMENT
Title Environmental impact of Textiles:
Remainder of title production,Processes and protection
Statement of responsibility, etc. Keith Slater
260 ## - PUBLICATION, DISTRIBUTION, ETC.
Place of publication, distribution, etc. Boca Raton
Name of publisher, distributor, etc. CRC Press
Date of publication, distribution, etc. 2003.
300 ## - PHYSICAL DESCRIPTION
Extent 228p.
500 ## - GENERAL NOTE
General note H.B
942 ## - ADDED ENTRY ELEMENTS (KOHA)
Source of classification or shelving scheme
Koha item type Book
Call number prefix IESE
Holdings
Withdrawn status Lost status Source of classification or shelving scheme Damaged status Not for loan Collection code Permanent Location Current Location Shelving location Date acquired Total Checkouts Full call number Barcode Date last seen Price effective from Koha item type
            Central Library (CL) Central Library (CL) General Stacks 12/18/2017   677 SLA IESE-768 12/18/2017 12/18/2017 Book
            Institute of Environmental Science and Engineering (IESE) Institute of Environmental Science and Engineering (IESE) General Stacks 12/18/2017   677 SLA IESE-1179 12/18/2017 12/18/2017 Book
© 2023 Central Library, National University of Sciences and Technology. All Rights Reserved.